000 00367nam a22001457a 4500
003 MACL
005 20200722170053.0
008 200722b xxu||||| |||| 00| 0 eng d
040 _cMACL
100 _aRao,M.S.
_979206
245 _aTribal Culture Folklore and Literature
260 _aJainpur
_bShahil Prakashan
_c2018
650 _afolklore
_979207
942 _2ddc
_cBK
999 _c62792
_d62792